An introduction to computers and their applications to banking / (Record no. 66344)

MARC details
000 -LEADER
fixed length control field 00449nam a22001457a 4500
005 - DATE AND TIME OF LATEST TRANSACTION
control field 20180720135235.0
020 ## - INTERNATIONAL STANDARD BOOK NUMBER
International Standard Book Number 0333933354
Terms of availability 140.00
035 ## - SYSTEM CONTROL NUMBER
System control number B-021717, B-021716
037 ## - SOURCE OF ACQUISITION
Stock number DPL
Source of stock number/acquisition ENG
100 ## - MAIN ENTRY--PERSONAL NAME
Personal name Srivastava, T.N.
245 ## - TITLE STATEMENT
Title An introduction to computers and their applications to banking /
Statement of responsibility, etc by T.N. Srivastava
260 ## - PUBLICATION, DISTRIBUTION, ETC. (IMPRINT)
Place of publication, distribution, etc Delhi
Name of publisher, distributor, etc Macmillan
Date of publication, distribution, etc 2000
300 ## - PHYSICAL DESCRIPTION
Extent vii, 249p.
Dimensions 24 cms.
942 ## - ADDED ENTRY ELEMENTS (KOHA)
Source of classification or shelving scheme Dewey Decimal Classification
Item type English Books
Classification part 332.10285
Call number suffix SRI
Holdings
Withdrawn status Lost status Not for loan Collection code Home library Current library Date acquired Cost, normal purchase price Full call number Barcode Cost, replacement price Koha item type Source of acquisition
      Non-fiction Patel Nagar Patel Nagar 20/07/2018 140.00 332.10285 SRI B-021716 140.00 English Books BPPD/Pub
      Non-fiction Sarojini Nagar Sarojini Nagar 08/05/2012 140.00 332.10285 SRI B-21717 140.00 English Books  

© Delhi Public Library
Hit Counter
free hit counter